Lenguaje y Comunicación 8, Octavo Año Básico: guía didáctica para el profesor
Guardat en:
| Autors principals: | , |
|---|---|
| Format: | Llibre |
| Idioma: | espanyol |
| Publicat: |
Santiago
Zig-Zag
2008
|
| Edició: | 1a. ed |
| Matèries: | |
| Etiquetes: |
Afegir etiqueta
Sense etiquetes, Sigues el primer a etiquetar aquest registre!
|
MARC
| LEADER | 00000nam a2200000 a 4500 | ||
|---|---|---|---|
| 001 | UCG0428 | ||
| 003 | CL-VaPUC | ||
| 008 | 100325e20080000CL |||||||||||||||||spa|d | ||
| 020 | |a 9561218240 | ||
| 082 | 0 | 4 | |a 372.6 |b FAN |2 21 |
| 100 | 0 | |a Fanta Fredes, Cecilia |e author |9 547845 | |
| 700 | 0 | |a Recabarren Arancibia, Marcela |e author |9 547846 | |
| 245 | 1 | 0 | |a Lenguaje y Comunicación 8, Octavo Año Básico: guía didáctica para el profesor |
| 250 | |a 1a. ed | ||
| 300 | |a 251 p | ||
| 942 | |c BK | ||
| 945 | |d 20100325 00:00:00 |a rbrito | ||
| 260 | |a Santiago |b Zig-Zag |c 2008 | ||
| 650 | 0 | |a Educación lingüística |9 306506 | |
| 650 | 0 | |a Educación básica |9 224933 | |
| 650 | 0 | |a Libros de texto |9 270019 | |
| 650 | 0 | |a Métodos de enseñanza |9 270413 | |
| 583 | |a last modification |c 20121217 08:16:28 |k Rodrigo Vera | ||
| 999 | |c 340067 |d 340065 | ||
| 952 | |0 0 |1 0 |4 0 |6 372_600000000000000_FAN_2008 |7 0 |8 A |9 434450 |a BIBEDU |b BIBEDU |d 2019-11-22 |i 4641876 |o 372.6 FAN 2008 |p 4641876 |r 2019-11-22 |w 2019-11-22 |y BK |k EBA | ||
| 952 | |0 0 |1 0 |4 0 |6 372_600000000000000_FAN_2008 |7 0 |8 A |9 434451 |a BIBEDU |b BIBEDU |d 2019-11-22 |i 4641884 |o 372.6 FAN 2008 |p 4641884 |r 2019-11-22 |w 2019-11-22 |y BK |k EBA | ||
| 952 | |0 0 |1 0 |4 0 |6 372_600000000000000_FAN_2008 |7 0 |8 A |9 434452 |a BIBEDU |b BIBEDU |d 2019-11-22 |i 4641892 |o 372.6 FAN 2008 |p 4641892 |r 2019-11-22 |w 2019-11-22 |y BK |k EBA | ||